Normal view
MARC view
Entry Topical Term
001 - CONTROL NUMBER
- control field: 2562
003 - CONTROL NUMBER IDENTIFIER
- control field: OSt
005 - DATE AND TIME OF LATEST TRANSACTION
- control field: 20190226125249.0
008 - FIXED-LENGTH DATA ELEMENTS
- fixed length control field: 190226|| aca||aabn | a|a d
040 ## - CATALOGING SOURCE
- Original cataloging agency: OSt
- Transcribing agency: OSt
150 ## - HEADING--TOPICAL TERM
- Topical term or geographic name entry element: Urban innovation
670 ## - SOURCE DATA FOUND
- Source citation: Work cat.: (OSt): Sorensen, Eva 2561, Co-initiation of collaborative innovation in urban spaces, 2018
